| 000 | 00525nam a22001697a 4500 | ||
|---|---|---|---|
| 082 | _aBEE-4 MEH | ||
| 100 |
_aMuhammad Sarim Mehdi _993456 |
||
| 245 | _aDesign and control of a quadcopter | ||
| 260 |
_aIslamabad _bNUST-SEECS _c2016 |
||
| 300 |
_a48p. _b27cm. _eCD Includes |
||
| 500 | _aSupervisors: Dr. Salman Abdul Ghafoor, Dr. Ammar Hassan | ||
| 563 | _aHB | ||
| 700 |
_aMuhammad Saad Ismail _993457 |
||
| 700 |
_aAbdul Jabbar _972634 |
||
| 856 | _u http://10.250.8.41:8080/xmlui/handle/123456789/6223 | ||
| 942 |
_cPR _2ddc |
||
| 999 |
_c13658 _d13658 |
||